1033 1611 1985 1435 1795 1359 1217 1536 1280 1948 1565 1372 1038 1014 1327 1088 1987 1559 1240 1458 1271 1099 1297 1285 1930 1627 1663 1711 1523 1935 1502 1211 1722 1459 1764 1997 1735 1523 1732 1609 1039 1154 1236 1403 1591 1608 1359 1582 1589 1043 1959 1387 1136 1724 1719 1528 1570 1460 1547 1564 1200 1232 1992 1641 1855 1934 1725 1505 1231 1728 1563 1708 1938 1939 1031 1623 1674 1792 1669 1246 1116 1335 1500 1702 1069 1681 1685 1765 1557 1107 1204 1820 1586 1544 1043 1777 1971 1000 1953 BCNSPRNW ULIB Ver.6.0+V

เปลี่ยนเป็นภาษาไทย

Change to English
 แสดงรายละเอียดบรรณานุกรม
  กลับหน้าหลัก

Brief Record : Get Marc (ISO 2709) : E-mail record : QR code < ปิดหน้าต่าง
LEADER : 00000nam 2200000uu 4500
001    13399113516
003     ULIB
008    110627s2550||||th 000 0 tha d
020    9789747519174
090    นว.^bก385ด 2550
100 0  กัณทิรา
245 00 เดิมพันหัวใจ/^cกัณทิรา
250    พิมพ์ครั้งที่ 1
260    กรุงเทพฯ :^bSugar Beat,^c2550
300    331 หน้า
710 1  Sugar Beat
945    ^p230^l0^i022037
995    ทศพร
999 ^a ใช้งานได้ทุกระบบ
รายการนี้ยังไม่มีแท็ก
คุณยังไม่ได้ล็อกอิน คุณสามารถมีกิจกรรมร่วมกับเว็บไซต์ได้ แต่ต้องล็อกอินก่อน ::
  ล็อกอิน

รายการสื่อสารสนเทศ

ลำดับที่ ประเภท เลขเรียก/บาร์โค้ด สถานที่ สถานะ
1. นวนิยาย
นวนิยาย
นว. ก385ด 2550 ฉ.1 
  Barcode: 022037
ห้องสมุดวิทยาเขตสวรรค์ประชารักษ์
►นวนิยาย
บนชั้น
  ขอยืม

BibComment


ยังไม่เคยถูกคอมเมนท์

คอมเมนท์ทรัพยากรรายการนี้
  คอมเมนท์: เดิมพันหัวใจ กัณท..


 Copyright 2026. Bcnsprnw @Library